00382 a2200121 4500020002200000082001400022100001700036245004900053260003900102300002800141650007400169700001700243 a1556220782 (pbk.) a794.81526 aMat Buckland aprogramming game A1 by examplecMat Buckland aAmericabWordware publishingc2005 axxi, 495.:bill:c24cm.2 aComputer games-design.xComputer games-programmingxComputer graphics aMat Buckland